[Event "KAZ Cup Final (Women)"]
[Site "Almaty"]
[Date "2023.11.29"]
[Round "1.3"]
[White "Assylkhan, Asiya"]
[Black "Iljushina, Olga"]
[Result "1-0"]
[WhiteElo "1716"]
[BlackElo "2015"]
[PlyCount "93"]
[EventDate "2023.11.28"]
[EventType "k.o."]
[EventRounds "4"]
[EventCountry "KAZ"]
[SourceTitle "CB49_2023"]
[SourceDate "2023.12.06"]
[SourceVersion "1"]
[SourceVersionDate "2023.12.06"]
[SourceQuality "1"]

1. Nf3 c5 2. g3 Nc6 3. Bg2 e5 4. 0-0 g6 5. c4 Bg7 6. Nc3 Nge7 7. a3 a5 8. d3 0-0 9. Rb1 d6 10. Bd2 Bg4 11. h3 Bf5 12. Ne1 Rb8 13. Nc2 Nd4 14. b4 axb4 15. axb4 Qc8 16. Kh2 Nxc2 17. Qxc2 Nc6 18. Nd5 Re8 19. Bg5 cxb4 20. Nxb4 Nd4 21. Qd1 h6 22. Be3 Bd7 23. Qd2 Nf5 24. Ba7 Ra8 25. Bb6 Bc6 26. Nd5 Ra6 27. Ba5 Bxd5 28. Bxd5 Re7 29. e3 Qa8 30. Rb5 Rd7 31. Rfb1 Ra7 32. Qb4 Kh7 33. Bb6 Ra2 34. Qe1 Qa3 35. Ra5 Qxa5 36. Bxa5 Ne7 37. Bxb7 f5 38. Bc3 d5 39. cxd5 Nxd5 40. Bxd5 Rxd5 41. Rb7 Kg8 42. Rb8+ Kh7 43. d4 e4 44. Rb7 Kg8 45. Kg2 Rc2 46. Bb4 g5 47. Qb1 1-0

[Event "KAZ Cup Final (Women)"]
[Site "Almaty"]
[Date "2023.11.29"]
[Round "1.4"]
[White "Iljushina, Olga"]
[Black "Assylkhan, Asiya"]
[Result "1-0"]
[WhiteElo "2015"]
[BlackElo "1716"]
[PlyCount "119"]
[EventDate "2023.11.28"]
[EventType "k.o."]
[EventRounds "4"]
[EventCountry "KAZ"]
[SourceTitle "CB49_2023"]
[SourceDate "2023.12.06"]
[SourceVersion "1"]
[SourceVersionDate "2023.12.06"]
[SourceQuality "1"]

1. e4 Nf6 2. e5 Nd5 3. d4 d6 4. c4 Nb6 5. exd6 cxd6 6. Nc3 g6 7. Be3 Bg7 8. Rc1 0-0 9. Be2 Nc6 10. d5 Ne5 11. b3 Bf5 12. f4 Ned7 13. g4 Bxc3+ 14. Rxc3 Be4 15. Bf3 Nf6 16. g5 Bxf3 17. Nxf3 Nh5 18. Qd4 e6 19. dxe6 fxe6 20. 0-0 Qe7 21. Rd3 Rad8 22. a4 Ng7 23. Qc3 Nd7 24. Bc1 Nc5 25. Rdd1 b6 26. Rfe1 Qc7 27. Nd4 d5 28. Nb5 Qb8 29. cxd5 Rxd5 30. Rxd5 exd5 31. Re7 Rf7 32. Rxf7 Kxf7 33. Qf6+ Kg8 34. Bb2 Qf8 35. Nxa7 Qxf6 36. Bxf6 Nxb3 37. Nc8 Ne6 38. Ne7+ Kf7 39. Nxd5 Nbc5 40. Nxb6 Nxf4 41. a5 Na6 42. Kf2 h6 43. h4 hxg5 44. hxg5 Ke6 45. Ke3 Kf5 46. Kd4 Ne6+ 47. Kc4 Nxg5 48. Kb5 Nc7+ 49. Kc6 Nge6 50. Bc3 Na6 51. Nd5 g5 52. Kb6 Nb8 53. Ne7+ Ke4 54. Nc6 Nd7+ 55. Kb5 Ndc5 56. Bb4 Kd5 57. Ne7+ Kd4 58. Nf5+ Kd5 59. Ne3+ Kd4 60. Ng4 1-0

[Event "KAZ Cup Final (Women)"]
[Site "Almaty"]
[Date "2023.11.29"]
[Round "1.6"]
[White "Iljushina, Olga"]
[Black "Assylkhan, Asiya"]
[Result "1-0"]
[WhiteElo "2015"]
[BlackElo "1716"]
[PlyCount "97"]
[EventDate "2023.11.28"]
[EventType "k.o."]
[EventRounds "4"]
[EventCountry "KAZ"]
[SourceTitle "CB49_2023"]
[SourceDate "2023.12.06"]
[SourceVersion "1"]
[SourceVersionDate "2023.12.06"]
[SourceQuality "1"]

1. e4 c6 2. d4 d5 3. e5 c5 4. c3 Nc6 5. Nf3 Bg4 6. Be3 cxd4 7. cxd4 e6 8. Nc3 Bb4 9. h3 Bh5 10. g4 Bg6 11. Bd3 Bxd3 12. Qxd3 Nge7 13. h4 Qc7 14. Rc1 Rc8 15. Ke2 Bxc3 16. Rxc3 Qd7 17. Rhc1 Na5 18. Rxc8+ Nxc8 19. Nd2 Nb6 20. b3 h6 21. Qc3 Nc6 22. b4 0-0 23. f4 Rc8 24. Qa3 a6 25. h5 Ne7 26. Rc5 Rc6 27. Qc1 Na4 28. Rxc6 Qxc6 29. Qxc6 Nxc6 30. a3 Nc3+ 31. Kd3 Nb5 32. Nb1 a5 33. bxa5 Nxa5 34. a4 Na7 35. Nd2 N7c6 36. Kc3 Kf8 37. f5 exf5 38. gxf5 b6 39. f6 Nb7 40. Nb3 Nbd8 41. Nc1 Ne6 42. Nd3 Kg8 43. Nb4 Nxb4 44. Kxb4 gxf6 45. exf6 Nc7 46. Bf4 Ne6 47. Be5 Kf8 48. Kb5 Ng5 49. Kxb6 1-0

[Event "Wch Blitz (Women)"]
[Site "Almaty"]
[Date "2022.12.30"]
[Round "17"]
[White "Assylkhan, Asiya"]
[Black "Bauyrzhan, Arnash"]
[Result "0-1"]
[WhiteElo "1372"]
[BlackElo "1941"]
[PlyCount "61"]
[EventDate "2022.12.29"]
[EventType "swiss (blitz)"]
[EventRounds "17"]
[EventCountry "KAZ"]
[SourceTitle "CBM 211 Extra"]
[Source "ChessBase"]
[SourceDate "2023.01.31"]
[SourceVersion "1"]
[SourceVersionDate "2023.01.31"]
[SourceQuality "1"]

1. d4 d5 2. c4 e6 3. Nf3 Nf6 4. g3 Be7 5. Bg2 0-0 6. 0-0 a5 7. e3 c6 8. b3 Na6 9. Nc3 b6 10. Ne5 Bb7 11. Bb2 Bd6 12. Nf3 Qe7 13. Re1 c5 14. e4 dxe4 15. Nxe4 Nxe4 16. d5 Ng5 17. Nxg5 Qxg5 18. dxe6 Bxg2 19. Qxd6 Bf3 20. exf7+ Rxf7 21. Re3 Rd8 22. Qxb6 Nb4 23. Rae1 Rdf8 24. Re8 Qg4 25. Rxf8+ Rxf8 26. Re7 Rc8 27. Rxg7+ Qxg7 28. Bxg7 Kxg7 29. Qxa5 Re8 30. Qc7+ Kh8 31. Qf4 0-1

[Event "Wch Blitz (Women)"]
[Site "Almaty"]
[Date "2022.12.30"]
[Round "14"]
[White "Assylkhan, Asiya"]
[Black "Nurgaliyeva, Zarina"]
[Result "0-1"]
[WhiteElo "1372"]
[BlackElo "1904"]
[PlyCount "82"]
[EventDate "2022.12.29"]
[EventType "swiss (blitz)"]
[EventRounds "17"]
[EventCountry "KAZ"]
[SourceTitle "CBM 211 Extra"]
[Source "ChessBase"]
[SourceDate "2023.01.31"]
[SourceVersion "1"]
[SourceVersionDate "2023.01.31"]
[SourceQuality "1"]

1. d4 Nf6 2. c4 e6 3. g3 d5 4. Bg2 dxc4 5. Nf3 Nc6 6. e3 Rb8 7. a4 a6 8. Nfd2 Na5 9. Qc2 Bb4 10. 0-0 b5 11. Nc3 0-0 12. Rd1 Qe7 13. Nce4 Bb7 14. Nxf6+ Qxf6 15. Bxb7 Nxb7 16. axb5 axb5 17. Nf1 Nd6 18. Bd2 Bxd2 19. Nxd2 Rfc8 20. Ra5 h5 21. h4 c5 22. dxc5 Rxc5 23. Nb3 Rd5 24. Nd4 Nf5 25. Nxf5 Rxd1+ 26. Qxd1 exf5 27. b3 c3 28. Ra1 b4 29. Rc1 g6 30. Qc2 Rd8 31. Rd1 Rd6 32. Kg2 Qd8 33. Ra1 Rd2 34. Qb1 Qd5+ 35. Kg1 Rb2 36. Qc1 Qxb3 37. e4 c2 38. Ra8+ Kg7 39. Qf4 Qe6 40. Qb8 c1Q+ 41. Kg2 Qxe4+ 0-1

[Event "Wch Blitz (Women)"]
[Site "Almaty"]
[Date "2022.12.30"]
[Round "13"]
[White "Madi, Aidana"]
[Black "Assylkhan, Asiya"]
[Result "0-1"]
[WhiteElo "1561"]
[BlackElo "1372"]
[PlyCount "86"]
[EventDate "2022.12.29"]
[EventType "swiss (blitz)"]
[EventRounds "17"]
[EventCountry "KAZ"]
[SourceTitle "CBM 211 Extra"]
[Source "ChessBase"]
[SourceDate "2023.01.31"]
[SourceVersion "1"]
[SourceVersionDate "2023.01.31"]
[SourceQuality "1"]

1. e4 c6 2. d4 d5 3. Nd2 dxe4 4. Nxe4 Bf5 5. Ng3 Bg6 6. h4 h6 7. N1e2 Nd7 8. c3 Ngf6 9. Nf4 Bh7 10. Bd3 Bxd3 11. Nxd3 e6 12. Be3 Bd6 13. Nh5 Nxh5 14. Qxh5 Nf6 15. Qf3 Qc7 16. 0-0-0 0-0-0 17. Rhe1 Nd5 18. Kb1 Nxe3 19. Qxe3 Qe7 20. g3 Kb8 21. Ne5 Qc7 22. Qf3 Rhf8 23. Nc4 Be7 24. Ne5 Bd6 25. Re2 c5 26. Nd3 cxd4 27. cxd4 Qb6 28. Qe3 Bc7 29. Ne5 Rd5 30. Nc4 Qa6 31. Rc2 Rfd8 32. Qe4 Qb5 33. Ne3 R5d7 34. Qf3 Bb6 35. Qf4+ e5 36. Qg4 exd4 37. Nf5 d3 38. Rcd2 Ba5 39. Qf4+ Ka8 40. Nxg7 Bxd2 41. Qxd2 Rc7 42. Qxh6 Rc2 43. b3 Qe5 0-1

[Event "Wch Blitz (Women)"]
[Site "Almaty"]
[Date "2022.12.29"]
[Round "6"]
[White "Assylkhan, Asiya"]
[Black "Voit, Daria"]
[Result "0-1"]
[WhiteElo "1372"]
[BlackElo "2260"]
[PlyCount "36"]
[EventDate "2022.12.29"]
[EventType "swiss (blitz)"]
[EventRounds "17"]
[EventCountry "KAZ"]
[SourceTitle "CBM 211 Extra"]
[Source "ChessBase"]
[SourceDate "2023.01.31"]
[SourceVersion "1"]
[SourceVersionDate "2023.01.31"]
[SourceQuality "1"]

1. d4 Nf6 2. c4 e6 3. g3 d5 4. Bg2 Bb4+ 5. Bd2 Bd6 6. Nf3 c6 7. Qc2 Nbd7 8. e3 0-0 9. 0-0 Qe7 10. Nc3 dxc4 11. a4 e5 12. dxe5 Nxe5 13. Nxe5 Qxe5 14. Ne2 Qh5 15. Nf4 Bxf4 16. exf4 Be6 17. Rfe1 Bd5 18. Bf1 Qf3 0-1

[Event "Wch Blitz (Women)"]
[Site "Almaty"]
[Date "2022.12.29"]
[Round "4"]
[White "Foudzi, Sitii Zulaikha"]
[Black "Assylkhan, Asiya"]
[Result "0-1"]
[WhiteElo "2136"]
[BlackElo "1372"]
[PlyCount "85"]
[EventDate "2022.12.29"]
[EventType "swiss (blitz)"]
[EventRounds "17"]
[EventCountry "KAZ"]
[SourceTitle "CBM 211 Extra"]
[Source "ChessBase"]
[SourceDate "2023.01.31"]
[SourceVersion "1"]
[SourceVersionDate "2023.01.31"]
[SourceQuality "1"]

1. e4 c6 2. Nc3 d5 3. Nf3 Bg4 4. h3 Bh5 5. g4 Bg6 6. d3 e6 7. e5 Bb4 8. a3 Ba5 9. Bd2 Nd7 10. b4 Bc7 11. d4 a5 12. b5 c5 13. dxc5 Nxc5 14. h4 h6 15. h5 Bh7 16. Be3 Nd7 17. Bd4 Rc8 18. Bd3 Bxd3 19. Qxd3 Bb6 20. Ne2 Bxd4 21. Nexd4 Qc7 22. Qe3 Ne7 23. 0-0 Qc3 24. Rfe1 Qxe3 25. Rxe3 Nb6 26. Nd2 0-0 27. f4 Nc4 28. Nxc4 Rxc4 29. Rd1 Rfc8 30. f5 exf5 31. gxf5 Rc3 32. Rdd3 Rxd3 33. Rxd3 Rc4 34. Kf2 Kf8 35. Kf3 Ke8 36. Kf4 Nc8 37. f6 gxf6 38. exf6 Nd6 39. Ke5 Nc8 40. Rg3 Kd7 41. Rg7 Ke8 42. Rg8+ Kd7 43. Rf8 0-1

[Event "Wch Blitz (Women)"]
[Site "Almaty"]
[Date "2022.12.29"]
[Round "7"]
[White "Khamdamova, Afruza"]
[Black "Assylkhan, Asiya"]
[Result "1-0"]
[WhiteElo "2018"]
[BlackElo "1372"]
[PlyCount "43"]
[EventDate "2022.12.29"]
[EventType "swiss (blitz)"]
[EventRounds "17"]
[EventCountry "KAZ"]
[SourceTitle "CBM 211 Extra"]
[Source "ChessBase"]
[SourceDate "2023.01.31"]
[SourceVersion "1"]
[SourceVersionDate "2023.01.31"]
[SourceQuality "1"]

1. e4 c6 2. d4 d5 3. Nc3 dxe4 4. Nxe4 Bf5 5. Ng3 Bg6 6. Nf3 Nd7 7. h4 h6 8. Bd3 Bxd3 9. Qxd3 Ngf6 10. Bf4 Qc7 11. 0-0-0 e6 12. Bd2 0-0-0 13. Ne4 Nxe4 14. Kb1 Bd6 15. Qxe4 Rhe8 16. Rhe1 c5 17. c4 Nf6 18. Bc3 Qe7 19. Qe2 Kb8 20. g3 Rc8 21. Ne5 g6 22. g4 1-0

[Event "Wch Blitz (Women)"]
[Site "Almaty"]
[Date "2022.12.29"]
[Round "2"]
[White "Padmini, Rout"]
[Black "Assylkhan, Asiya"]
[Result "1-0"]
[WhiteElo "2298"]
[BlackElo "1372"]
[PlyCount "25"]
[EventDate "2022.12.29"]
[EventType "swiss (blitz)"]
[EventRounds "17"]
[EventCountry "KAZ"]
[SourceTitle "CBM 211 Extra"]
[Source "ChessBase"]
[SourceDate "2023.01.31"]
[SourceVersion "1"]
[SourceVersionDate "2023.01.31"]
[SourceQuality "1"]

1. e4 c6 2. d4 d5 3. e5 Bf5 4. Nf3 e6 5. Be2 Nd7 6. 0-0 h6 7. Nbd2 Ne7 8. Nb3 c5 9. Nxc5 Nxc5 10. dxc5 Nc6 11. Nd4 Nxd4 12. Qxd4 Qd7 13. c3 1-0

[Event "Wch Rapid (Women)"]
[Site "Almaty"]
[Date "2022.12.27"]
[Round "6"]
[White "Kim, Kristina"]
[Black "Assylkhan, Asiya"]
[Result "1-0"]
[WhiteElo "1832"]
[BlackElo "1360"]
[PlyCount "95"]
[EventDate "2022.12.26"]
[EventType "swiss (rapid)"]
[EventRounds "11"]
[EventCountry "KAZ"]
[SourceTitle "CBM 211 Extra"]
[Source "ChessBase"]
[SourceDate "2023.01.31"]
[SourceVersion "1"]
[SourceVersionDate "2023.01.31"]
[SourceQuality "1"]

1. d4 d5 2. Nf3 Nf6 3. Bg5 e6 4. e3 c5 5. c3 Nc6 6. Nbd2 Be7 7. Bd3 h6 8. Bh4 a6 9. 0-0 0-0 10. Qe2 Nd7 11. Bxe7 Qxe7 12. e4 c4 13. Bc2 b5 14. Rae1 Re8 15. exd5 exd5 16. Qxe7 Rxe7 17. Rxe7 Nxe7 18. Re1 Kf8 19. Nh4 Nb6 20. f4 Rb8 21. Re3 g5 22. fxg5 hxg5 23. Nhf3 f6 24. Nf1 Nf5 25. Bxf5 Bxf5 26. Ng3 Bd7 27. h4 gxh4 28. Nxh4 Re8 29. Rf3 Re6 30. Nh5 Ke7 31. Kf2 Rc6 32. Ng6+ Kd8 33. Nxf6 Be6 34. Ne5 Rd6 35. Nh7 Ke7 36. Ng6+ Ke8 37. Rf8+ Kd7 38. Nf6+ Kc7 39. Ne8+ Kd7 40. Nxd6 Kxd6 41. Nf4 Bd7 42. Rf6+ Kc7 43. Kf3 a5 44. g4 b4 45. g5 Bc6 46. Ne6+ Kc8 47. Nc5 Kc7 48. g6 1-0

[Event "Wch Rapid (Women)"]
[Site "Almaty"]
[Date "2022.12.27"]
[Round "8"]
[White "Kirchei, Viktoriia"]
[Black "Assylkhan, Asiya"]
[Result "1/2-1/2"]
[WhiteElo "1998"]
[BlackElo "1360"]
[PlyCount "110"]
[EventDate "2022.12.26"]
[EventType "swiss (rapid)"]
[EventRounds "11"]
[EventCountry "KAZ"]
[SourceTitle "CBM 211 Extra"]
[Source "ChessBase"]
[SourceDate "2023.01.31"]
[SourceVersion "1"]
[SourceVersionDate "2023.01.31"]
[SourceQuality "1"]

1. e4 c6 2. d4 d5 3. exd5 cxd5 4. Bd3 Nc6 5. c3 Nf6 6. h3 g6 7. Qc2 Bg7 8. Nf3 0-0 9. Bf4 Bd7 10. 0-0 Rc8 11. a3 Nh5 12. Bh2 Nxd4 13. Nxd4 Bxd4 14. Qb3 Bb6 15. Qxd5 Bc6 16. Qxd8 Rfxd8 17. Bc2 Nf6 18. a4 a6 19. Re1 Rd7 20. Re2 Rcd8 21. Na3 Rd2 22. Rae1 Rxe2 23. Rxe2 Be4 24. Be5 Bxc2 25. Nxc2 Nd7 26. Bd4 Bxd4 27. Nxd4 e6 28. a5 Nc5 29. b4 Na4 30. Rc2 Nxc3 31. Nxe6 fxe6 32. Rxc3 Rd4 33. Rc8+ Kf7 34. Rc7+ Kf6 35. Rxb7 h5 36. Kf1 Rd2 37. Rb6 Rb2 38. g3 Kf5 39. Kg2 g5 40. Kf3 g4+ 41. hxg4+ hxg4+ 42. Ke3 Ke5 43. Rxa6 Rxb4 44. Rb6 Ra4 45. Rb5+ Kf6 46. Rc5 Ra3+ 47. Kf4 Rf3+ 48. Kxg4 Rxf2 49. Rb5 Ra2 50. Kf4 Ra4+ 51. Kf3 e5 52. g4 Ra3+ 53. Ke4 Ra4+ 54. Kf3 Ra3+ 55. Ke4 Ra4+ 1/2-1/2

[Event "Wch U12 Girls"]
[Site "Batumi"]
[Date "2022.09.23"]
[Round "7"]
[White "Maklakova, Naomi"]
[Black "Assylkhan, Asiya"]
[Result "1-0"]
[WhiteElo "1635"]
[BlackElo "1424"]
[PlyCount "54"]
[EventDate "2022.09.16"]
[EventType "swiss"]
[EventRounds "11"]
[EventCountry "GEO"]
[SourceTitle "EXT 2023"]
[Source "ChessBase"]
[SourceDate "2022.10.05"]
[SourceVersion "1"]
[SourceVersionDate "2022.10.05"]
[SourceQuality "1"]

1. d4 d5 2. Nf3 Nf6 3. c3 e6 4. Bf4 Bd6 5. Bg3 c5 6. e3 Qc7 7. Na3 Bxg3 8. hxg3 Nbd7 9. Nb5 Qb6 10. dxc5 Nxc5 11. Qd4 a6 12. b4 axb5 13. bxc5 Qa5 14. Qb4 Bd7 15. Nd4 Ne4 16. Bxb5 Nxc3 17. Bxd7+ Kxd7 18. Qxb7+ Qc7 19. c6+ Kd6 20. Qb4+ Ke5 21. Qxc3 Qa5 22. Qxa5 Rxa5 23. 0-0 Kd6 24. Rfc1 Rc8 25. a4 Kc7 26. Nb5+ Kb6 27. c7 Rca8 1-0

[Event "Wch U12 Girls"]
[Site "Batumi"]
[Date "2022.09.21"]
[Round "6"]
[White "Assylkhan, Asiya"]
[Black "Aravindakshan, Sahana"]
[Result "1-0"]
[WhiteElo "1424"]
[BlackElo "1776"]
[PlyCount "68"]
[EventDate "2022.09.16"]
[EventType "swiss"]
[EventRounds "11"]
[EventCountry "GEO"]
[SourceTitle "EXT 2023"]
[Source "ChessBase"]
[SourceDate "2022.10.05"]
[SourceVersion "1"]
[SourceVersionDate "2022.10.05"]
[SourceQuality "1"]

1. d4 Nf6 2. Bf4 g6 3. c3 Bg7 4. h3 0-0 5. Nd2 d6 6. e4 Nbd7 7. Ngf3 Re8 8. e5 dxe5 9. dxe5 Nd5 10. Bh2 f6 11. Nc4 c6 12. a4 fxe5 13. Ncxe5 Nxe5 14. Nxe5 Rf8 15. Bc4 Be6 16. 0-0 Qe8 17. Qb3 Qc8 18. Rfe1 Kh8 19. Re2 Bg8 20. Rae1 e6 21. Qc2 Ne7 22. Re4 Nf5 23. Nf3 e5 24. Bxg8 Kxg8 25. Qb3+ Kh8 26. Nxe5 Qe8 27. R4e2 b6 28. Rd2 h6 29. Qc4 Kh7 30. Qxc6 Bxe5 31. Rd7+ Ng7 32. Rxe5 Qc8 33. Qxc8 Raxc8 34. Ree7 Rg8 1-0